• 首页
  • 本馆介绍
  • 公告通知
  • 最新文献
  • 馆藏检索
  • 电子资源
  • 读者导购
  • 参考咨询
  • 我的图书馆
  • 登录
  • 详细信息显示
  • 放入我的书架
  • 预约/预借图书
  • 作者相关作品
  • 分类相关作品
  • 丛书相关作品
  • 出版社相关作品

书目信息

  • 表格格式
  • 工作单格式
  • 卡片格式
题名:
齿轮原理与制造
    
 
作者: ;北京业余机械学院工人班 编写
分册:  
出版信息: 北京   科学出版社  1970
页数: 470页
开本: 20cm
丛书名:
单 册:
中图分类: TG61
科图分类:
主题词: 齿轮加工 , 齿轮加工机床
电子资源:
ISBN:
000 00669nam0 2200217 450
001 0640275428
005 20060522090451.92
010    @dCNY1.15
091    @a15031.7
100    @a20060323d1970 km y0chiy0120 ea
101 0  @achi
102    @aCN@b110000
200 1  @a齿轮原理与制造@Achi lun yuan li yu zhi zao@f北京业余机械学院工人班编写@Fbei jing ye yu ji xie xue yuan gong ren ban bian xie
210    @a北京@c科学出版社@d1970
215 1  @a470页@d20cm
606 0  @a齿轮加工
606 0  @a齿轮加工机床
690    @aTG61@v4
711  0 @a北京业余机械学院工人班@Abei jing ye yu ji xie xue yuan gong ren ban@4编写
801  0 @aCN@bPFT@c20060522
905    @a10447@dTG61@e13
    
    齿轮原理与制造/北京业余机械学院工人班编写.-北京:科学出版社,1970
    470页;20cm
    
    
    ISBN :CNY1.15
    
●
相关链接 在E读中查询图书 在五车中查询图书 在当当中查询图书 在豆瓣中查询图书


正题名:齿轮原理与制造     索取号:TG61/13         预约/预借

序号 登录号 条形码 馆藏地/架位号 状态 备注
1 0017218   202208814   密集书库/ [索取号:TG61/13] 在馆    
2 0017219   202362059   密集书库/ [索取号:TG61/13] 在馆    
唐山师范学院图书馆 欢迎您!
大连网信软件有限公司© 版权所有